00403 2200145 4500001002100000008004100021035002000062245005600082100001700138260003000155300001400185082001600199650002900215990001300244INLIS000000000000520 ind  a0010-0322000520 aMALIN KUNDANG KUMPULAN CERITA RAKYAT SUMATERAcIKHA aRAHIMSYAH AR aSURABAYAbGREISINDA PRESS ahlm.ccm. a398.395 981 aCERITA RAKYAT - SUMATERA a102715-1